1494 1030 1130 1291 1260 1760 1229 1209 1782 1171 1472 1992 1428 1986 1579 1002 1648 1852 1910 1339 1494 1625 1638 1264 1777 1572 1806 1135 1164 1606 1842 1816 1642 1268 1811 1721 1706 1027 1180 1764 1729 1207 1899 1768 1463 1806 1982 1795 1289 1175 1671 1404 1242 1722 1724 1381 1820 1986 1931 1781 1126 1699 1208 1733 1558 1598 1804 1606 1434 1469 1813 1610 1437 1351 1349 1761 1720 1585 1954 1426 1225 1740 1026 1075 1674 1618 1393 1120 1824 1198 1605 1650 1419 1253 1553 1885 1704 1808 1971 BCNSPRNW ULIB Ver.6.0+V

เปลี่ยนเป็นภาษาไทย

Change to English
 แสดงรายละเอียดบรรณานุกรม
  กลับหน้าหลัก

Brief Record : Get Marc (ISO 2709) : E-mail record : QR code < ปิดหน้าต่าง
LEADER : 00000nam 2200000uu 4500
001    13399125581
003     ULIB
008    170701s2559||||th 000 0 tha d
020    ^a9786160825745
060  0 ^aWB327^bม273ห
100 0  ^aมาริออท, ซูซานนนห์
245 10 ^a1001 วิธี สวย สุขภาพดี ชีวีอ่อนเยาว์ / ^cซูซานนนห์ มาริออท ; ภัทรวรรณ ธาดาดลทิพย์, ผู้แปล
260    ^aกรุงเทพฯ:^bซีเอ็ดยูเคชั่น,^c2559
300    ^a343 หน้า : ^bภาพประกอบ ;^c21 ซม.
650  4 ^aสุขภาพ
700 0  ^aภัทรวรรณ ธาดาดลทิพย์, ^eผู้แปล
945    ^p345^l0^i25239
999    ^aทศพร เกษรทอง
รายการนี้ยังไม่มีแท็ก
คุณยังไม่ได้ล็อกอิน คุณสามารถมีกิจกรรมร่วมกับเว็บไซต์ได้ แต่ต้องล็อกอินก่อน ::
  ล็อกอิน

รายการสื่อสารสนเทศ

ลำดับที่ ประเภท เลขเรียก/บาร์โค้ด สถานที่ สถานะ
1. วิทยาศาสตร์การแพทย์ และสุขภาพ
วิทยาศาสตร์การแพทย์ และสุขภาพ
สถานะ=หนังสือเก่า
WB327 ม273ห ฉ.1 
  Barcode: 25239
ห้องสมุดวิทยาเขตนครสวรรค์
►ส่วนจัดเก็บหนังสือเก่า นว.
บนชั้น
  ขอยืม

รายการใกล้เคียง
    ผู้แต่ง [มาริออท, ซูซานนนห์]

    หัวเรื่อง [สุขภาพ]

BibComment


ยังไม่เคยถูกคอมเมนท์

คอมเมนท์ทรัพยากรรายการนี้
  คอมเมนท์: 1001 วิธี สวย สุ..


 Copyright 2026. Bcnsprnw @Library